| 000 | 00674nam a2200205 i 4500 | ||
|---|---|---|---|
| 001 | 52076 | ||
| 003 | ES-MaACL | ||
| 005 | 20230906162515.0 | ||
| 007 | t| | ||
| 008 | 030825s1943 ag ||||1| spa d | ||
| 100 | 1 |
_aChaucer, Geoffrey. _938193 |
|
| 245 | 1 | 3 |
_aEl cuento del perdonador / _cChaucer ; prólogo y versión directa del inglés por Patricio Gannon. |
| 260 |
_aBuenos Aires : _bEmecé, _c[1943] ( _fSebastián Amorrortu) |
||
| 300 |
_a49 p. ; _c19 cm. |
||
| 490 | 1 |
_aCuadernos de la quimera ; _v5 |
|
| 700 | 1 |
_aGannon, Patricio. _953873 |
|
| 830 | 0 |
_aCuadernos de la quimera ; _v5 _9181477 |
|
| 852 |
_aES-MaACL _j1898-F-7 _bR.27227 |
||
| 999 |
_c52076 _d52076 |
||